Musique de Jean-Jacques Goldman avec des synonymes - Statistiques

Statistiques générales
  • Ce quiz a été pris 176 fois
    174 depuis la dernière actualisation
  • Le résultat moyen est 13 sur 20
Statistiques - réponses
Synonymes Titre Original % Correct
Lorsque le son est juste Quand la musique est bonne
98%
Je t’offre Je te donne
97%
J’avance sans compagnie Je marche seul
91%
Fais-moi décoller Envole-moi
84%
Nos paumes Nos mains
77%
Elle a eu un enfant sans personne Elle a fait un bébé toute seule
76%
Un seul geste suffira Il suffira d’un signe
76%
Étant donné que tu t’en vas Puisque tu pars
75%
Il transformait l’existence Il changeait la vie
74%
Un autre lever du jour Encore un matin
72%
À ton image Comme toi
70%
Nous irons On ira
69%
Sauf toi Pas toi
68%
À l’achèvement de mes songes Au bout de mes rêves
63%
Né en 1917 dans la cité de Leidenstadt Né en 17 à Leidenstadt
61%
Les violons s’animent Tournent les violons
57%
Dans un autre endroit Là-bas
50%
Excellente suggestion Bonne idée
49%
Immédiatement ensuite Juste après
28%
Minuscule univers Tout petit monde
11%
Aucun quiz correspondant
Distribution des résultats
% des personnes avec chaque résultat
Percentile par nombre de réponses
Votre historique - résultats
Vous n’avez pas pris ce quiz depuis la dernière actualisation